| 000 | 00747cam a2200217 i 4500 | ||
|---|---|---|---|
| 005 | 20260128095355.0 | ||
| 008 | 250721s2006 jo gr 000 0 ara d | ||
| 020 | _a9957463128 | ||
| 082 | 1 | 4 |
_a368 _bع ب و |
| 100 | 1 |
_aعبوي، زيد منير _eمؤلف. |
|
| 245 | 1 | 0 |
_aإدارة التأمين والمخاطر / _cتأليف د. زيد منير عبوي. |
| 250 | _aالطبعة الأولى. | ||
| 264 | 3 | 1 |
_aعمان : _bدار كنوز المعرفة للنشر والتوزيع، _c2006. |
| 300 | _a166صفحة. | ||
| 650 | 1 | 7 | _aالتأمين. |
| 650 | 1 | 7 | _aإدارة المخاطر. |
| 650 | 1 | 7 | _aالتعويض. |
| 650 | 1 | 7 | _aشركات التأمين. |
| 942 |
_2ddc _cBK |
||
| 999 |
_c99807 _d99807 |
||